000 00414nam a2200145Ia 4500
008 210430s9999 xx 000 0 und d
020 _a978-81-203-4095-4
082 _a672.36 R1612 H
100 _aT.V Rajan, C. P. Sharma, Ashok Sharma
_9128863
245 _aHeat Treatment Principles and Techniques /
_cT.V Rajan
250 _a2nd edition
260 _aINDIA
_bPHI
_c2011
300 _a390 P
942 _cBK
_2ddc
999 _c564765
_d564765